市町村しりとり - Statistics

General Stats
  • This quiz has been taken 136 times
    111 since last reset
  • The average score is 5 of 9
Answer Stats
Hint Answer % Correct
糸魚川→
85%
大子→ 五ヶ瀬御所
75%
聖籠→ 産山魚沼 うるま 宇和島
74%
松茂→ 芸西玄海
66%
美唄→ 伊勢原板倉 市原 井原 岩倉
56%
嵐山 終わり
45%
精華→ 各務原風間浦
橿原 柏原 かすみがうら 勝浦 鎌倉 香春 甘楽
41%
益城→ 清瀬
28%
羅臼→ 周防大島
26%
No matching quizzes found
Score Distribution
Percent of People with Each Score
Percentile by Number Answered
Your Score History
You have not taken this quiz since the last reset